000 00329nam a22001457a 4500
008 221122b ||||| |||| 00| 0 eng d
020 _a9780736045100
041 _aeng
080 _2SECOND EDITION
_a615.83
082 _a615.83BRO
100 _a16.2
101 _aEGZ
245 _aFITNESS RUNNING
_cBROWN R
942 _2udc
_cBK
999 _c59008
_d59008